000 01339cam a2200277 4500
001 L124101
008 031028n2003 000 0 eng u
020 _a1903193214
035 _a(Sirsi) u124101
041 _aeng
050 _a693.82
_c18
110 _aAssociation of British Insurers
_93272
245 _aTechnical briefing
_bfire performance of sandwich panel systems
260 _aLondon
_bABI
_c2003
490 _aABI Technical Briefing
520 _aThis technical briefing provides a risk assessment approach to the fire performance of sandwich/composite panels and takes into account research funded by ABI since 1999, which has been particularly targeted at sandwich panels used internally in the food and cold storage industry. Aimed at insurance surveyors, building occupiers and managers. References. Partially revised August 2008.
650 _aSANDWICH PANELS
650 _aEXTERNAL CLADDING
650 _aMANAGEMENT-HEALTH AND SAFETY-FIRE SAFETY
650 _aFIRE RISK
650 _aCOMPOSITE PANELS
690 _aBUILT ENVIRONMENT-BUILDING STANDARDS
710 _aBuilding Research Establishment
856 _uhttps://www.abi.org.uk/Publications/Technical_Briefing_Fire_Performance_of_Sandwich_Panel_Systems_-_Partially_Revised_August_2008_1.aspx
_zView free of charge at www.abi.org.uk
942 _n0
999 _c103147
_d103147